Reklama efektivně '92

Saved in:
Bibliographic Details
Main Author: Kobera, Pavel
Other Authors: Šec, Petr
Format: Book
Language:Czech
Published: Praha Unice 1992
Edition:1. vyd.
Subjects:
Tags: Add Tag
No Tags, Be the first to tag this record!

MARC

LEADER 00000nam a2200000 4500
001 c001347
005 20221214090507.7
041 0 |a cze 
044 |a CZ 
245 1 0 |a Reklama efektivně '92  |c Pavel Kobera, Petr Šec 
250 |a 1. vyd. 
264 1 |a Praha  |b Unice  |c 1992 
300 |a 204 s. 
610 2 0 |a reklama 
610 2 0 |a výskum trhu 
610 2 0 |a propagácia 
610 2 0 |a zákony 
610 2 0 |a súťaž nekalá 
610 2 0 |a štúdie prípadové 
610 2 0 |a adresáre 
610 2 0 |a ČSFR 
100 1 |a Kobera, Pavel 
700 1 |a Šec, Petr